000 00389nam a22001337a 4500
008 131216b xxu||||| |||| 00| 0 eng d
050 _aSPC DT962.G5
100 _aGibbs, Peter
_95791
245 _aLand-locked island
_bA commentary on Southern Rhodesia
260 _aBulawayo
_bPhilpott & Collins
_c1947
300 _a120p.
_c-21cm
650 _aZimbabwe
_95792
942 _2lcc
_cMONOGRAPH
_01
999 _c119288
_d119288